Nákup a riadenie zásob

Uložené v:
Podrobná bibliografia
Hlavný autor: Majtán, Štefan
Korporativný autor: Ekonomická univerzita v Bratislave. Fakulta podnikového manažmentu
Médium: Kniha
Jazyk:Slovak
Vydavateľské údaje: Bratislava Vydavateľstvo EKONÓM 2004
Predmet:
Tagy: Pridať tag
Žiadne tagy, Buďte prvý, kto otaguje tento záznam!

MARC

LEADER 00000nam a2200000 4500
001 0022849
005 20240502071414.8
020 |a 80-225-1917-0 
041 0 |a slo 
044 |a SK 
245 1 0 |a Nákup a riadenie zásob  |c Štefan Majtán 
264 1 |a Bratislava  |b Vydavateľstvo EKONÓM  |c 2004 
300 |a 77 s. 
610 2 0 |a nákup 
610 2 0 |a zásoby 
610 2 0 |a riadenie zásob 
610 2 0 |a marketing 
610 2 0 |a plánovanie 
610 2 0 |a metódy riadenia 
610 2 0 |a oceňovanie 
610 2 0 |a financovanie 
610 2 0 |a podnik 
100 1 |a Majtán, Štefan 
710 2 |a Ekonomická univerzita v Bratislave. Fakulta podnikového manažmentu